MDQL
is popping MORE tags! Check the
thread
!
Quizzes
Events
Quiz Creation
Community
Videos
Private Events
Remove Ads
Sign In
Join for FREE
Feedback
Dark Mode
Quiz Categories
Sports
Geography
Music
Movies
Television
Just For Fun
Miscellaneous
History
Literature
Language
Science
Gaming
Entertainment
Religion
Holiday
For Kids
Quiz Lab
Recent
Popular Today
Quiz Kudos Today
Editor Picks
Curator Picks
Quizzes by...
Day
Popularity
Type
Ratings
Length
Year
Community
Subscriptions
Recent Discussions
Orange Saloon
Badges
Playlists
Quests
Create
Leaderboards
Showdown
Live 5
Trivia Bingo
Activity
Puzzle Library
Sporcle Events
Private Events
Virtual Trivia
Globe League
Become a Host
Pub Owners
SporcleCon
Opinionation
Our Games
Videos
Blog
Mobile Apps
Partnerships
Remove Ads and Go Orange
Feedback
Sports
Athletes
MLB
NBA
NHL
NFL
Soccer
Sports Teams
WWE
NCAA
Football
Premier League
Basketball
Baseball
Hockey
Golf
Tennis
Cricket
Rugby
Auto Racing
Olympics
World Cup
Sports
Athletes
MLB
NBA
NHL
NFL
Soccer
Sports Teams
WWE
NCAA
Football
Premier League
Basketball
Baseball
Hockey
Golf
Tennis
Cricket
Rugby
Auto Racing
Olympics
World Cup
Random Quiz
Search Sporcle
×
Quiz Lab
Quiz Lab
Sports
Premier League
Type in answers that appear in a list
Type in answers that appear in a list
Classic
Best Score? Go Orange.
Liverpool vs Man U Goalscorers EPL Stats
Can you name the Liverpool vs Manchester United Premier League Goalscorers since 92/93?
By
VoceLFC
8m
106 Questions
4,188 Plays
4,188 Plays
4,188 Plays
Comments
Comments
Give Quiz Kudos
Give Quiz Kudos
-
- Ratings
hide this ad
More Info
Replay
Link that replays current quiz
Next Quiz
Link to next quiz in quiz playlist
You Got
0%
They Got
Avg Score
65%
Avg Friend Score
Upgrade to see
Score Distribution
Jump to the score distribution portion of the page
Score
0/106
Timer
08:00
0
Plays Today
Year
Scorer
% Correct
31/
3/
01 Anfield
Steven Gerrard
92.4%
14/
3/
09 Old Trafford
Steven Gerrard
92.4%
19/
9/
10 Old Trafford
Steven Gerrard
92.4%
19/
9/
10 Old Trafford
Steven Gerrard
92.4%
15/
10/
11 Anfield
Steven Gerrard
92%
15/
1/
05 Anfield
Wayne Rooney
91.8%
21/
3/
10 Old Trafford
Wayne Rooney
91.8%
11/
2/
12 Old Trafford
Wayne Rooney
91.7%
11/
2/
12 Old Trafford
Wayne Rooney
91.7%
4/
1/
94 Anfield
Ryan Giggs
88.4%
5/
4/
03 Old Trafford
Ryan Giggs
88.4%
9/
10/
03 Anfield
Ryan Giggs
88.4%
9/
10/
03 Anfield
Ryan Giggs
88.4%
24/
9/
98 Old Trafford
Paul Scholes
87.2%
22/
10/
06 Old Trafford
Paul Scholes
87.2%
10/
4/
98 Old Trafford
Michael Owen
86.4%
4/
11/
01 Anfield
Michael Owen
86.4%
4/
11/
01 Anfield
Michael Owen
86.4%
14/
3/
09 Old Trafford
Fernando Torres
84.2%
25/
10/
09 Anfield
Fernando Torres
84.2%
21/
3/
10 Old Trafford
Fernando Torres
84.2%
1/
10/
95 Old Trafford
Robbie Fowler
83.8%
1/
10/
95 Old Trafford
Robbie Fowler
83.8%
17/
12/
95 Anfield
Robbie Fowler
83.8%
17/
12/
95 Anfield
Robbie Fowler
83.8%
6/
12/
97 Anfield
Robbie Fowler
83.8%
31/
3/
01 Anfield
Robbie Fowler
83.8%
23/
3/
08 Old Trafford
Christiano Ronaldo
82.4%
14/
3/
09 Old Trafford
Christiano Ronaldo
82.4%
19/
4/
97 Anfield
Andy Cole
81.6%
6/
12/
97 Anfield
Andy Cole
81.6%
6/
12/
97 Anfield
Andy Cole
81.6%
11/
9/
99 Anfield
Andy Cole
81.6%
12/
10/
96 Old Trafford
David Beckham
80.1%
6/
12/
97 Anfield
David Beckham
80.1%
4/
11/
01 Anfield
David Beckham
80.1%
Year
Scorer
% Correct
22/
1/
06 Old Trafford
Rio Ferdinand
77.9%
22/
10/
06 Old Trafford
Rio Ferdinand
77.9%
5/
5/
99 Anfield
Dwight Yorke
77.6%
1/
10/
95 Old Trafford
Eric Cantona
77%
11/
2/
12 Old Trafford
Luis Suarez
76.4%
5/
4/
03 Old Trafford
Ruud van Nistelrooy
72.8%
5/
4/
03 Old Trafford
Ruud van Nistelrooy
72.8%
19/
9/
10 Old Trafford
Dimitar Berbatov
72.5%
19/
9/
10 Old Trafford
Dimitar Berbatov
72.5%
19/
9/
10 Old Trafford
Dimitar Berbatov
72.5%
6/
3/
11 Anfield
Dirk Kuyt
71.5%
6/
3/
11 Anfield
Dirk Kuyt
71.5%
6/
3/
11 Anfield
Dirk Kuyt
71.5%
4/
3/
00 Old Trafford
Ole Gunnar Solskjaer
68.8%
5/
4/
03 Old Trafford
Ole Gunnar Solskjaer
68.8%
18/
10/
92 Old Trafford
Ian Rush
67.2%
6/
3/
93 Anfield
Ian Rush
67.2%
23/
3/
08 Old Trafford
Nani
63.3%
18/
10/
92 Old Trafford
Mark Hughes
63%
18/
10/
92 Old Trafford
Mark Hughes
63%
6/
3/
93 Anfield
Mark Hughes
63%
30/
3/
94 Old Trafford
Paul Ince
62.6%
5/
5/
99 Anfield
Paul Ince
62.6%
11/
9/
99 Anfield *
Jamie Carragher
62.6%
11/
9/
99 Anfield *
Jamie Carragher
62.6%
16/
12/
07 Anfield
Carlos Tevez
61.3%
13/
9/
08 Anfield
Carlos Tevez
61.3%
1/
10/
95 Old Trafford
Nicky Butt
60.9%
4/
1/
94 Anfield
Steve Bruce
60.7%
19/
3/
95 Anfield *
Steve Bruce
60.7%
3/
3/
07 Anfield
John O'Shea
60.7%
4/
1/
94 Anfield
Denis Irwin
59%
24/
9/
98 Old Trafford
Denis Irwin
59%
5/
5/
99 Anfield
Denis Irwin
59%
4/
11/
01 Anfield
John Arne Riise
56.4%
17/
12/
00 Old Trafford
Danny Murphy
56.3%
Year
Scorer
% Correct
22/
1/
02 Old Trafford
Danny Murphy
56.3%
24/
4/
04 Old Trafford
Danny Murphy
56.3%
11/
9/
99 Anfield
Sami Hyypia
54%
1/
12/
02 Anfield
Sami Hyypia
54%
19/
4/
97 Anfield
Gary Pallister
53.9%
19/
4/
97 Anfield
Gary Pallister
53.9%
6/
3/
11 Anfield
Javier Hernandez
53.3%
20/
9/
04 Old Trafford *
Wes Brown
52.9%
23/
3/
08 Old Trafford
Wes Brown
52.9%
13/
9/
08 Anfield *
Wes Brown
52.9%
15/
10/
11 Anfield
Javier Hernandez
52.4%
1/
12/
02 Anfield
Diego Forlan
52.4%
1/
12/
02 Anfield
Diego Forlan
52.4%
19/
4/
97 Anfield
John Barnes
50.5%
19/
3/
95 Anfield
Jamie Redknapp
49.3%
5/
5/
99 Anfield
Jamie Redknapp
49.3%
21/
3/
10 Old Trafford
Ji-Sung Park
47.3%
17/
9/
94 Old Trafford
Andrei Kanchelskis
45.7%
13/
9/
08 Anfield
Ryan Babel
45.1%
11/
9/
99 Anfield
Patrik Berger
42.9%
4/
3/
00 Old Trafford
Patrik Berger
42.9%
6/
3/
93 Anfield
Brian McClair
42.7%
17/
9/
94 Old Trafford
Brian McClair
42.7%
14/
3/
09 Old Trafford
Andrea Dossena
41%
14/
3/
09 Old Trafford
Fabio Aurelio
40.1%
4/
1/
94 Anfield
Neil Ruddock
40.1%
25/
10/
09 Anfield
David N'gog
35.1%
20/
9/
04 Old Trafford
Mikael Silvestre
33.6%
20/
9/
04 Old Trafford
Mikael Silvestre
33.6%
9/
10/
03 Anfield
Harry Kewell
32%
4/
1/
94 Anfield
Nigel Clough
31.5%
4/
1/
94 Anfield
Nigel Clough
31.3%
10/
4/
98 Old Trafford
Ronny Johnsen
30.4%
18/
10/
92 Old Trafford
Don Hutchison
9.8%
Quiz Playlist
Details
Report
Send in Message
Add To Playlist
More Info:
* Indicates own goal
Classic:
Type in answers that appear in a list
Last Updated: Feb 16, 2017
Quiz Scoreboard
CHALLENGE
Sign Up to Join the Scoreboard
Show All
Scores
Hide
Comments
May contain spoilers
Recently Published
Colored Red Africa Blitz
by spor1
Geography
30s
Find the 'City' Movie
by crazypaving
Movies
60s
5x2 Blitz: Bands
by SL_Kpop136
Music
30s
More to Explore
Quiz From the Vault
Featured Blog Post
14 Easter Pick-up Lines to Find Eggs With
hide this ad
You Might Also Like...
Tags
Football Quiz
Premier League Quiz
Soccer Quiz
Goal Scorers
Liverpool
Manchester United
Today's Top Quizzes in Sports
Browse Sports
hide this ad
Today's Top Quizzes in Premier League
Browse Premier League
Top Contributed Quizzes in Sports
1
Les entraîneurs de l'OM et du PSG au 21e siècle
2
Les meilleurs buteurs des matchs entre le PSG et l’OM
3
Players with Multiple 50 Home Run Seasons
4
2022 World Cup Stars
5
Les joueurs passés par le PSG et l'OM
6
NBA Logic Puzzle 2.0
7
Criteria MLB: Left Handed Sluggers
8
MLB Players with Two .350 Batting Average Seasons
9
Top 10 NHL Goal Scorers of All Time
10
Who Hit More Homers?
Explore More
Trending Topics
Anime
Disney
Marvel
Crossword
Harry Potter
NBA
Kpop
WWE
The Office
Soccer
NFL
Pokémon
Country
Puzzle
Song
hide this ad
More By:
VoceLFC
Quiz
Plays
Rating
Category
Featured
Created
Liverpool vs Man U Goalscorers EPL
4,188
5.00
Sports
Jan 19, 2011
Wins against Stone Cold Steve Austin
3,740
2.87
Sports
Jun 19, 2011
Liverpool Champions League Goalscorers
1,780
4.50
Sports
Feb 15, 2011
Liverpool vs Arsenal EPL Goalscorers
1,743
4.67
Sports
Feb 19, 2011
Liverpool cup final scorers
885
5.00
Sports
Jan 28, 2011
Go to Creator's Profile
Score Distribution
Quiz Creator Spotlight
VoceLFC
Follow
Send a Message
Quizzes Created
-
Created Quiz Play Count
-
More By This Creator
Popular Quizzes Today
1
Colored Red Africa Blitz
2
Find the 'City' Movie
3
5x2 Blitz: Bands
4
Find the US States - No Outlines Minefield
5
The Countries of the World
6
Find the US States
7
US States
8
Find the Countries of Europe - No Outlines Minefield
More Sports Quizzes
MLB: Top Seasons for 'P' Players
Quiz Lab
Trending Quizzes
Colored Red Europe Blitz I
Colored Red Europe Blitz II
Colored Red Africa Blitz II
Colored Red Europe Blitz III
Colored Red Africa Blitz III
Recently Updated
How Do You Spell That?
pecheneg
Godzilla Movies
pecheneg
Grab Bag: 4-10 Letters
pecheneg
2024 March Madness Bracket
pecheneg
Famous TV Couples
Peacemaker
Champions League XIs: Real Madrid
pecheneg
Largest US Cities 1790-2010
pecheneg
Rides in Walt Disney World
pecheneg
Most Oscar Losses (Acting)
pecheneg
Beyoncé Albums
pecheneg
Trending Topics
Crossword
Disney
NBA
Kpop
Marvel
Harry Potter
Anime
WWE
NFL
Country
Soccer
The Office
Puzzle
Pokémon
Song
Your Account Isn't Verified!
In order to create a playlist on Sporcle, you need to verify the email address you used during registration. Go to your
Sporcle Settings
to finish the process.
Report this User
Report this user for behavior that violates our
Community Guidelines
.
Details:
Send Report
Go to the Sporcle.com Mobile Site →
Comments